| 000 | 00589nam a2200205 a 4500 | ||
|---|---|---|---|
| 001 | 23106 | ||
| 003 | CO-ViMGA | ||
| 008 | 141112s2004 ck r 000 u spa d | ||
| 020 | _a9789801500452 | ||
| 040 |
_aCO-ViMGA _bspa _cCO-ViMGA |
||
| 082 | 0 | 4 |
_a813.5 _b M393e |
| 100 | 1 |
_aMeyer, Stephenie _913591 |
|
| 245 | 1 | 0 |
_aEclipse / _cStephenie Meyer, traduccion Jose Miguel Pallares |
| 260 |
_aColombia : _bAlfaguara _c2008 |
||
| 300 | _a623 p. | ||
| 650 | 1 | 4 |
_aMONSTRUOS - - NOVELA _913593 |
| 650 | 1 | 4 |
_aNOVELA ESTADOUNIDENSE _92233 |
| 650 | 1 | 4 |
_aVAMPIROS - - NOVELA _913592 |
| 942 |
_2ddc _cBK |
||
| 999 |
_c37085 _d37085 |
||